Derecho penal de las personas jurd̕icas

Bibliographic Details
Main Author: Agudo Fernǹdez, Enrique
Format: eBook
Language:Spanish
Published: Madrid: Dykinson, 2016
Subjects:
Online Access:Acceso restringido

MARC

LEADER 00000nam a22000007a 4500
005 20170309003916.0
007 cr|||| ||||
008 170309s2016 es |||||s|||| 00||0 spa d
020 |a 978-84-9148-042-6 
035 |a 14806 
040 |a vLex 
090 |c 6591  |d 6591 
100 1 |a Agudo Fernǹdez, Enrique 
245 1 0 |a Derecho penal de las personas jurd̕icas  |h [Recurso electrn̤ico] /  |c Enrique Agudo Fernǹdez 
256 |a Servicio en ln̕ea 
260 |a Madrid:  |b Dykinson,  |c 2016 
300 |a 1 recurso electrn̤ico 
500 |a A partir de la reforma penal de 2010, que introdujo la responsabilidad penal de las personas jurd̕icas, mejorada en la reforma operada por la Ley Orgǹica 1/2015, puede decirse que hay dos cd̤igos dentro del mismo cd̤igo penal: el de las personas fs̕icas y el de las personas jurd̕icas. La presente obra pretende ofrecer una aproximacin̤ al nuevo derecho penal de las personas jurd̕icas, para un mejor conocimiento por los profesionales, como jueces, fiscales, abogados y asesores de empresa, de los principales problemas prc̀ticos y dogmt̀icos que su aplicacin̤ plantea. Para ello se tratan tanto cuestiones de la parte general como de la parte especial del derecho penal de las personas jurd̕icas, e incluso algunos de los aspectos referidos al procedimiento penal, sin olvidar las prescripciones de la Fiscala̕ General del Estado en esta materia y la novedosa jurisprudencia de la Sala de lo Penal del Tribunal Supremo, que constituyen un marco de referencia de especial valor. No cabe duda que nos encontramos an︢ en un camino por recorrer, iniciado con la irrupcin̤ de un nuevo sujeto en el derecho penal, que habr ̀que ir transitǹdolo con las aportaciones que ya se estǹ produciendo en la dogmt̀ica, la Fiscala̕ y en la jurisprudencia, y en el que el ser y el deber ser, lo biolg̤ico y lo normativo, el Derecho, la filosofa̕ y la sociologa̕, irǹ conjugǹdose en un futuro para hacer realidad un sistema de derecho penal en el que tendrǹ cabida, como algo normal, tanto las personas fs̕icas como las personas jurd̕icas. 
506 1 |a Disponible solo en los productos indicados  |d vLex Global  |d vLex Global (Academic Edition, excluding Law Schools)  |d vLex Global (U.S. Academic Edition, Law Schools)  |d vLex Global (U.S. Academic Edition, excluding Law Schools)  |d vLex Global (Academic Edition, Law Schools) 
650 0 4 |a Derecho Penal  |z Espaą 
740 0 |a vLex Libros (Servicio en ln̕ea) 
856 4 0 |u http://vlex.com/source/derecho-penal-de-las-personas-juridicas-14806  |z Acceso restringido 
942 |c BOOK 
999 0 |a Criminal Law